[Event "Lee Cup 4th"]
[Site "Beijing"]
[Date "1997.08.25"]
[Round "3"]
[White "Lin, Weiguo"]
[Black "Peng, Xiaomin"]
[Result "0-1"]
[WhiteElo "2470"]
[BlackElo "2530"]
[Annotator "Ftacnik,L"]
[PlyCount "58"]
[EventDate "1997.08.23"]
[EventType "swiss"]
[EventRounds "11"]
[EventCountry "CHN"]
[SourceTitle "CBM 061"]
[Source "ChessBase"]
[SourceDate "1997.11.23"]
[SourceVersion "1"]
[SourceVersionDate "1997.11.23"]
[SourceQuality "1"]

1. d4 Nf6 2. g3 g6 3. Bg2 d5 4. Nf3 Bg7 5. O-O O-O 6. c4 c6 7. b3 Bf5 8. Bb2
Ne4 9. Nc3 a5 10. Nh4 Nxc3 11. Bxc3 Be6 12. Qd3 Nd7 13. e4 $2 (13. Rac1 a4 14.
c5 axb3 15. axb3 Ra3 16. b4 Qc7 17. Ra1 Rfa8 18. Rxa3 Rxa3 19. Ra1 Rxa1+ 20.
Bxa1 Bf6 21. Nf3 {1/2-1/2 Maus,S-Michaelsen,N/Hamburg Wichern-op 1995/}) 13...
dxc4 14. bxc4 Ne5 $1 {A bit exceptional picture, but the worst part is the
complete fall of white´s center. Etwas ungewohnliches Bild, aber das
schlimmste ist der Zusamenbruch vom weisser Zentrum.} 15. Qb1 $8 Nxc4 16. Qxb7
c5 $1 (16... Nd6 17. Qb2) 17. d5 (17. e5 Rb8 (17... cxd4 18. Qxa8 Qxa8 19. Bxa8
dxc3 20. Bg2 Nxe5 $17) 18. Qa7 cxd4 19. Bxd4 Bxe5 20. Bxe5 Nxe5 $17) 17... Bxc3
18. Rac1 (18. dxe6 Bxa1 19. exf7+ Rxf7 20. Rxa1 Rb8 $19) 18... Rb8 19. Qa7 (19.
Qa6 Nd2 20. Rxc3 (20. Rfd1 Bg4 $19)) 19... Nd2 20. Rxc3 (20. Rfd1 Bg4 21. f3
Bd4+ 22. Kh1 Nxe4 23. fxe4 Bxd1 $19) (20. Rfe1 Bd4 $1 (20... Ra8 21. Qb7 Nxe4
22. dxe6 Bxe1 23. exf7+ Kxf7 24. Rxe1 $13) 21. dxe6 fxe6 22. Re2 Rb2 $17) 20...
Nxf1 21. Bxf1 (21. dxe6 Nd2 22. exf7+ Rxf7 23. Qxc5 Rb1+ 24. Rc1 Qd6 $17) 21...
Bd7 22. Qxc5 $2 (22. Rxc5 $1 Ra8 23. Qc7 Qxc7 24. Rxc7 Rfd8 $15) 22... Rc8 $1
23. Qd4 Rxc3 24. Qxc3 Qb6 25. Nf3 Rc8 26. Qd2 (26. Qd4 Qxd4 27. Nxd4 Rc1 $19)
26... Qb1 (26... Qb4 27. Qh6 f6 $17) 27. Qxa5 Bh3 28. Nd2 (28. Qe1 Rc1 $19) (
28. Ne1 Rc1 29. Bxh3 Rxe1+ 30. Kg2 Qxe4+ 31. f3 Qe2#) 28... Qe1 29. Qa7 Rc1 (
29... Rc1 30. Qb8+ Kg7 31. Qe5+ Kh6 32. Qf4+ g5 33. Qxg5+ Kxg5 34. Nf3+ Kh6 35.
Nxe1 Rxe1) 0-1

[Event "New York op"]
[Site "New York"]
[Date "1991.??.??"]
[Round "6"]
[White "Ehlvest, Jaan"]
[Black "Gurevich, Ilya"]
[Result "1/2-1/2"]
[WhiteElo "2650"]
[BlackElo "2455"]
[Annotator "Ftacnik,L"]
[PlyCount "54"]
[EventDate "1991.03.??"]
[EventType "swiss"]
[EventRounds "9"]
[EventCountry "USA"]
[SourceTitle "CBM 023"]
[Source "ChessBase"]
[SourceDate "1991.08.01"]
[SourceVersion "1"]
[SourceVersionDate "1991.08.01"]
[SourceQuality "1"]

1. d4 Nf6 2. Nf3 g6 3. c4 Bg7 4. g3 c6 5. Bg2 d5 6. Qb3 O-O 7. Nc3 Qb6 8. O-O
Bf5 9. h3 dxc4 10. Qxc4 Na6 11. Re1 (11. Ng5 h6 12. e4 Bd7 13. Nf3 Qa5 14. Qe2
b5 15. Ne5 Rad8 16. Be3 $14 {Wojtkiewicz,A-Lutz,C/Biel/1990/}) 11... Qb4 $1 12.
Qxb4 Nxb4 13. e4 Be6 (13... Nc2 14. exf5 Nxa1 15. Re2 {xNa1}) 14. Rd1 Nc2 15.
Rb1 Nxe4 $5 16. Nxe4 Bxa2 17. Bg5 Bxb1 18. Rxb1 Rfe8 (18... Nxd4 $2 19. Nxd4
Bxd4 20. Bxe7 Rfe8 21. Nf6+ Bxf6 22. Bxf6 $16) 19. Nc5 Nxd4 (19... b6 20. Nb3
Rac8 $13) 20. Nxb7 Rab8 21. Nxd4 Bxd4 22. Na5 Rxb2 23. Rxb2 Bxb2 24. Nxc6 a6 (
24... f6 25. Be3 a6 26. Bf1 Ra8 27. Bg2 $11) 25. Bf1 (25. Nxe7+ Kf8 26. Nc6
Re1+ 27. Kh2 Bc3 $15) 25... Ra8 26. Bg2 Re8 27. Bf1 Ra8 {Ftacnik,L} 1/2-1/2

[Event "Dortmund op-A"]
[Site "Dortmund"]
[Date "1992.??.??"]
[Round "7"]
[White "Petrosian, Arshak B"]
[Black "Ernst, Thomas"]
[Result "1/2-1/2"]
[WhiteElo "2470"]
[BlackElo "2535"]
[Annotator "Ftacnik,L"]
[PlyCount "46"]
[EventDate "1992.04.??"]
[EventType "swiss"]
[EventRounds "11"]
[EventCountry "GER"]
[SourceTitle "CBM 029"]
[Source "ChessBase"]
[SourceDate "1992.08.01"]
[SourceVersion "1"]
[SourceVersionDate "1992.08.01"]
[SourceQuality "1"]

1. d4 {Ernst} Nf6 2. c4 g6 3. g3 c6 4. Nf3 Bg7 5. Nc3 d5 6. Qb3 O-O 7. Bg2 Qb6
8. O-O Bf5 (8... Na6 $2 {Ernst Das wird in der Enzyklopädie empfohlen.} 9. Qxb6
axb6 10. cxd5 cxd5 11. Bg5 e6 12. Na4 $16 {Jukic - Lindemann, Wien open 1991.})
9. Ne5 (9. cxd5 {Ernst} Qxb3 10. axb3 Nxd5 11. Ne5 Be6 12. Ne4 Nd7 13. Nxd7
Bxd7 14. Nc5 Bg4 $1 $17 {Ornstein - Uhlmann, Stockholm 1989/90.}) 9... Ng4 $5 {
N} (9... Rd8 10. Bf4 Be6 11. Na4 Qxb3 12. axb3 Nbd7 13. Rfc1 Rac8 14. Nc3 $14 {
Goldin,A-Schmidt,Wl/Beograd GMA-op/1988/}) 10. cxd5 (10. Nxg4 Bxg4 11. cxd5
Qxb3 12. axb3 Bxd4 13. e3 Be5 14. Na4 Bc7 $10) (10. Qxb6 axb6 11. Nxg4 (11.
cxd5 {Ernst} Nxe5 12. dxe5 Bxe5 13. Be3 b5 $10) 11... Bxg4 12. cxd5 Bxd4 $10)
10... Qxb3 (10... Qxd4 $2 11. Nxg4 Bxg4 12. Qxb7 Nd7 13. dxc6 $16) 11. axb3
Nxe5 12. dxe5 Bxe5 13. Na4 (13. Bg5 {Ernst} Bf6 14. Be3 cxd5 15. Nxd5 Nc6 $10)
13... Bc7 (13... cxd5 14. Nb6 $1 $18) (13... Nd7 14. dxc6 bxc6 15. Bxc6 Rab8
16. Rd1 Rfd8 17. Be3 $16) (13... a5 $2 {Ernst} 14. Nc5 Ra7 15. Be3 $1 $16) 14.
Nc5 (14. Bf4 {Ernst} Bxf4 15. gxf4 a5 $10) 14... cxd5 (14... b6 15. Nd3 (15.
Na4 Bd7 $13) 15... Bxd3 (15... Bd7 16. Nb4 c5 17. d6 $1 $16) 16. exd3 Rd8 17.
dxc6 Rxd3 18. Bf4 e5 (18... Bxf4 19. c7 $18) 19. Bg5 $16 (19. Bxe5 Bxe5 20. c7
Nc6 21. Bxc6 Rc8 22. Rxa7 Rxc7 $10)) 15. Bxd5 (15. Nxb7 e6 16. h3 h5) 15... Nc6
16. Nxb7 (16. Bxc6 bxc6 17. Be3 Bb6 $10) 16... Nd4 17. e3 (17. Nc5 Nxe2+ 18.
Kg2 Rad8 $10) (17. Be3 {Ernst} Nxe2+ $2 (17... Nc2 {Ernst} 18. Rxa7 Nxe3 19.
Rxa8 Rxa8 20. fxe3 Bb6 $44) 18. Kg2 Bb6 19. Rfe1 $1 Nd4 20. Bxd4 Bxd4 21. Rxe7
Bxb2 22. Ra6 Bd3 23. Bc4 $16) (17. Bc4 {Ernst} Rfb8 18. Nc5 Bd6 19. Na6 Nxb3
20. Ra4 Bd7 $1 $10) (17. e4 {Ernst} Bh3 18. Rd1 Ne2+ 19. Kh1 Nxc1 20. Raxc1 Bb6
$44) 17... Nc2 18. Ra4 $8 Bd3 19. Be4 $1 (19. Nc5 Bxf1 20. Bxa8 Bb5 21. Rxa7
Bb6 22. Rb7 Rxa8 (22... Rd8 $1 {Ernst} 23. Rxb6 Rd1+ 24. Kg2 Ne1+ 25. Kh3 $6 {
25.Kg1=} Bf1+ 26. Kh4 Rxc1 27. b4 Rc2 $44) 23. Rxb6 Be2 24. Bd2 Bf3 $1 25. Ra6
Rd8 $19) (19. Rd1 Bb5 20. Rh4 (20. Rd2 {Ernst} Ne1 21. Rb4 a6 $1 $44) 20...
Rac8 $17) (19. Bd2 $2 {Ernst} Bxf1 20. Kxf1 Rac8 $1 $17) 19... Bxe4 (19... Bxf1
20. Kxf1 Rac8 21. Bxc2 Bb6 22. Rc4 Rxc4 23. bxc4 Rb8 24. Be4 $18) 20. Rxe4 Rfb8
21. Nc5 Bd6 22. Rc4 Bxc5 23. Rxc5 (23. Rxc2 Bd6 24. Rc3 Rb5 25. Rd1 Rab8 26.
Rdd3 Be5 27. Rc2 Rxb3 28. Rxb3 Rxb3 $15) 23... Na1 {Ftacnik,L} (23... Na1 {
Ernst} 24. b4 (24. Rc7 {Ernst} Nxb3 25. Rxe7 $4 Rc8 $19) 24... Nb3 25. Rc4 a5
$10) 1/2-1/2

[Event "ISR-ch"]
[Site "Jerusalem"]
[Date "1996.??.??"]
[Round "6"]
[White "Mikhalevski, Victor"]
[Black "Vydeslaver, Alik"]
[Result "1-0"]
[WhiteElo "2500"]
[BlackElo "2440"]
[Annotator "Ftacnik,L"]
[PlyCount "113"]
[EventDate "1996.10.26"]
[EventType "swiss"]
[EventRounds "9"]
[EventCountry "ISR"]
[SourceTitle "CBM 056"]
[Source "ChessBase"]
[SourceDate "1997.02.01"]
[SourceVersion "1"]
[SourceVersionDate "1997.02.01"]
[SourceQuality "1"]

1. d4 {Kanstler,B} Nf6 2. c4 g6 3. g3 c6 4. Bg2 d5 5. Nf3 Bg7 6. O-O O-O 7. Qb3
Qb6 8. Nc3 Bf5 9. Ne5 (9. h3 {Kanstler,B} Na6 (9... Rd8 10. c5 Qa6 11. Re1 b6
12. Bf1 Qb7 13. a4 Bc8 14. cxb6 axb6 15. Bf4 Nbd7 $13 {Romanishin,O-Dolmatov,S/
Groningen/1993/0,5/64/}) 10. c5 Qxb3 11. axb3 Nc7 12. Bf4 Ne6 13. Be3 Be4 14.
Ra4 Bxf3 15. Bxf3 Rfd8 16. Rfa1 a6 17. Rb4 Rd7 18. Bg2 Ne4 $10 {Romanishin,
O-Alterman,B/Groningen/1993/0,5/28/}) 9... e6 (9... Rd8 {Kanstler,B} 10. cxd5
Qxb3 11. axb3 cxd5 12. Bf4 Nbd7 13. Nxd7 Bxd7 14. Nxd5 Nxd5 15. Bxd5 Bh3 $14 {
Hansen,Cu-Smirin,I/Groningen/1993/0,5/32/}) 10. Bf4 (10. Be3 Nbd7 11. h3 h5 12.
Qa3 a5 13. Rac1 Qb4 14. f4 {1/2-1/2 Pigusov,E-Tseitlin,MD/EUCup f Lyon ;CBM 45
1994}) 10... Nbd7 (10... h6 $5 {Kanstler,B}) 11. Qxb6 axb6 12. f3 Nxe5 (12...
c5 13. dxc5 d4 14. Nb5 bxc5 15. Nxd7 Nxd7 16. Bd6 Rfc8 17. f4 Rc6 18. a4 Bc2
19. Ra3 Nb6 20. Rc1 d3 21. exd3 Rxd6 22. Rxc2 Rd7 23. a5 Nc8 24. d4 cxd4 25. c5
Ne7 26. Nd6 d3 27. Rxd3 Rxa5 28. Bxb7 $16 {Kramnik,V-Gelfand,B/Dos Hermanas 
(03)/1996/1/2-1/2 (63)}) 13. Bxe5 (13. dxe5 $6 {Kanstler,B} Nd7 14. e4 (14. g4
Bc2 15. Rfc1 d4 $15) 14... dxe4 15. fxe4 Bg4 16. h3 Bh5 17. g4 g5 $15) 13... g5
(13... c5 $2 14. e4 dxe4 15. fxe4 $18) (13... dxc4 $4 {Kanstler,B} 14. e4 $18)
14. e4 Bg6 15. cxd5 exd5 (15... cxd5 16. Rad1 $14) 16. Rad1 b5 17. a3 (17. exd5
$6 b4 18. Bxf6 Bxf6 19. Ne4 Bg7 $132) (17. Bxf6 $6 {Kanstler,B} Bxf6 18. exd5
Rfd8 $132) 17... dxe4 (17... Rfd8 18. Bxf6 (18. exd5 {Kanstler,B} Nxd5 19. Nxd5
Rxd5 (19... cxd5 20. f4 $14) 20. f4 $14) 18... Bxf6 19. exd5 cxd5 20. Nxb5 $16)
18. fxe4 Nd7 (18... Ng4 $5 19. Bxg7 Kxg7 20. Rfe1 $14) 19. Bd6 Rfe8 20. e5 Nb6
(20... f5 $5) 21. d5 $1 Rac8 (21... Bxe5 22. dxc6 Bxd6 23. Rxd6 $16) (21...
cxd5 22. Nxd5 Nxd5 23. Rxd5 $16) 22. Bh3 Ra8 23. Bc7 (23. e6 $6 {Kanstler,B}
Nc4 $17) 23... Nxd5 $2 {Black position was full of life, but this meak
exchange promises white advantage. Die schwarze Stellung war voller Leben,
dieser weiche Umtausch jedoch verspicht Weiss Vorteil.} (23... Nc4 24. dxc6 (
24. Bd7 Nxb2 $1) (24. d6 Bxe5 25. d7 Bxc7 26. dxe8=Q+ Rxe8 $15) 24... bxc6 (
24... Nxb2 $2 25. cxb7 $18) 25. Bd7 Nxb2 26. Bxe8 Rxe8 27. Rd6 Bxe5 28. Rxc6
Bd4+ $132) (23... Nc4 $5 $13 {Kanstler,B}) 24. Nxd5 cxd5 25. Rxd5 Be4 $6 (25...
h5 26. Bf5 $14) 26. Rd7 (26. Rxb5 $2 {Kanstler,B} Bd3 27. Rxb7 Bxf1 28. Bxf1
Bxe5 $17) 26... Bg6 (26... Bxe5 $5 {Kanstler,B} 27. Bxe5 Rxe5 28. Rfxf7 $14)
27. Bf5 $1 (27. Bg2 $6 Bxe5 28. Bxb7 Bxc7 29. Rxc7 Ra7 $10) 27... Bxe5 28. Bxg6
fxg6 29. Bxe5 Rxe5 30. Rff7 {There is no stronger idea in the endgames with 4
rooks. Es gibt keine stärkere Idee in Doppelturmendspielen.} Rc8 (30... h5 31.
Rg7+ Kf8 32. Rdf7+ Ke8 33. Rxb7 Rf5 34. Rg8+ Rf8 35. Rxg6 $18) 31. Rg7+ Kf8 (
31... Kh8 32. Rxh7+ Kg8 33. Rdg7+ Kf8 34. Rxb7) 32. Rxh7 Kg8 33. Rdg7+ Kf8 34.
Rxb7 Kg8 35. Rbg7+ Kf8 36. Rf7+ Kg8 (36... Ke8 37. Rb7 (37. Rfg7 $16 {Kanstler,
B}) 37... Kd8 38. Rh8+ Re8 39. Rxe8+ Kxe8 40. Rxb5 $18) 37. Rhg7+ Kh8 38. Rxg6
b4 (38... Rc2 39. Rf2 $18) 39. axb4 Rb8 40. Rd6 Re2 (40... Rxb4 $2 41. Rd8+)
41. Rf2 Re1+ (41... Rxf2 42. Kxf2 Rxb4 43. Rd2 $18) 42. Kg2 Rxb4 43. Rd7 Re8 (
43... Kg8 44. Rd5 g4 45. Rdf5 $18) 44. Rd5 g4 (44... Rg8 45. Kf1 $18) 45. Rdf5
Reb8 46. Kg1 Rxb2 (46... Kg7 47. R2f4 $18) 47. Rxb2 Rxb2 48. Rh5+ Kg7 49. Rg5+
Kh6 50. Rxg4 Kh5 (50... Rb1+ 51. Kg2 Rb2+ 52. Kh3 $18) 51. Rh4+ Kg5 52. Rf4 Ra2
53. Rf2 Ra4 54. Kg2 Kg4 55. Re2 Rb4 56. h3+ Kf5 57. Kf3 1-0

[Event "Helsinki op"]
[Site "Helsinki"]
[Date "1992.??.??"]
[Round "4"]
[White "Romanishin, Oleg M"]
[Black "Xie, Jun"]
[Result "1/2-1/2"]
[WhiteElo "2555"]
[BlackElo "2480"]
[Annotator "Ftacnik,L"]
[PlyCount "57"]
[EventDate "1992.09.??"]
[EventType "swiss"]
[EventRounds "9"]
[EventCountry "FIN"]
[SourceTitle "CBM 032"]
[Source "ChessBase"]
[SourceDate "1993.02.01"]
[SourceVersion "1"]
[SourceVersionDate "1993.02.01"]
[SourceQuality "1"]

1. d4 Nf6 2. Nf3 g6 3. g3 Bg7 4. Bg2 O-O 5. O-O d5 6. c4 c6 7. Qb3 Qb6 8. Nc3
Bf5 9. h3 Nbd7 (9... dxc4 10. Qxc4 Na6 (10... Nbd7 11. Ng5 e5 12. d5 Qd4 13.
Qb3 Nb6 14. e4 Bd7 15. Nf3 Qc4 16. Nxe5 Qxb3 17. axb3 Rfe8 18. Nxd7 Nfxd7 19.
dxc6 bxc6 20. Be3 Bf8 21. Rfd1 Rec8 22. Na4 Nxa4 23. bxa4 Ne5 24. Rac1 Rd8 25.
b3 Ba3 26. Ra1 $16 {Romanishin,O-Peshina,G/Gyor HUN-ch op/1990/}) 11. Re1 (11.
a3 Rad8 12. b4 Ne4 13. Nxe4 Bxe4 14. e3 Nc7 15. Bb2 Qb5 16. Qxb5 Nxb5 17. Rfc1
Rfe8 18. Ne1 Bxg2 19. Kxg2 e5 20. a4 Nd6 21. dxe5 Bxe5 22. Bxe5 Rxe5 23. Nf3
Rd5 24. Rd1 Ne4 25. Rd4 Rxd4 26. Nxd4 $10 {Loginov,V-Ionov,S/URS-chT Azov/1991/
}) 11... Qb4 12. Qxb4 Nxb4 13. e4 Be6 14. Rd1 Nc2 15. Rb1 Nxe4 16. Nxe4 Bxa2
17. Bg5 Bxb1 18. Rxb1 Rfe8 19. Nc5 Nxd4 20. Nxb7 Rab8 21. Nxd4 Bxd4 22. Na5
Rxb2 23. Rxb2 Bxb2 24. Nxc6 a6 25. Bf1 Ra8 26. Bg2 $13 {Ehlvest,J-Gurevich,I/
New York op/1991/}) (9... h6 10. cxd5 Qxb3 11. axb3 cxd5 12. Ne5 Nc6 13. Be3 a5
14. Rfc1 Rfd8 15. g4 Bd7 16. Nxd7 Nxd7 17. Bxd5 Nxd4 18. Bxd4 Bxd4 19. Bxb7
Rab8 20. Bd5 Nc5 21. Rxa5 e6 22. Bc4 Nxb3 23. Bxb3 Rxb3 24. e3 Bg7 25. Rc2 {
0,5/Wojtkiewicz,A-Timoschenko,G/London LB/1990/}) 10. cxd5 Qxb3 11. axb3 Nxd5
12. Bd2 Nxc3 13. bxc3 Be4 14. Ra5 a6 15. Ne1 (15. Rc1 Rad8 16. Be3 Rfe8 17. Ne1
Bxg2 18. Kxg2 e5 19. d5 Nb8 20. c4 e4 21. Bb6 Rd7 22. dxc6 bxc6 23. Nc2 Rb7 24.
c5 Bf8 25. Na3 Re5 26. Nc4 $14 {Romanishin,O-Epishin,V/Reggio Top 15/1991/})
15... Bxg2 16. Kxg2 e5 17. e3 Rac8 (17... e4 18. Nc2 $14) 18. Nd3 Rfd8 (18...
e4 19. Nb2 c5 20. Nc4 $14) 19. b4 b6 $5 (19... f5 20. Rd1 $14) 20. Rxa6 c5 21.
bxc5 bxc5 22. Rd6 (22. d5 Nb8 23. Ra8 Rxd5 24. Rb1 Rxd3) 22... cxd4 23. cxd4
Nf8 (23... exd4 24. Ba5 $18) 24. dxe5 Bxe5 $1 25. Rxd8 Rxd8 26. Nxe5 Rxd2 27.
Ra1 Nd7 $2 (27... f6 28. Nc4 Rd7 $16) 28. Ra8+ Kg7 29. Rd8 1/2-1/2

[Event "Czerniak Memorial 13th"]
[Site "Tel Aviv"]
[Date "1997.??.??"]
[Round "6"]
[White "Rotstein, Arkadij"]
[Black "Zifroni, Dov"]
[Result "0-1"]
[WhiteElo "2455"]
[BlackElo "2490"]
[Annotator "Ftacnik,L"]
[PlyCount "62"]
[EventDate "1997.04.04"]
[EventType "tourn"]
[EventRounds "11"]
[EventCountry "ISR"]
[EventCategory "10"]
[SourceTitle "CBM 059"]
[Source "ChessBase"]
[SourceDate "1997.08.01"]
[SourceVersion "1"]
[SourceVersionDate "1997.08.01"]
[SourceQuality "1"]

1. Nf3 d5 2. g3 g6 3. Bg2 Bg7 4. O-O Nf6 5. c4 c6 6. b3 Ne4 7. d4 O-O 8. Bb2
Bf5 9. Nbd2 Nd7 10. Nh4 Nxd2 11. Qxd2 Be6 12. e4 dxe4 13. Bxe4 Bh3 14. Rfe1 Nf6
(14... Nb6 15. Rad1 e6 16. Qe2 Re8 17. Ng2 Bxg2 18. Bxg2 a5 19. Bc3 Qc7 20. Qd2
Nc8 21. h4 h5 22. d5 Bxc3 23. Qxc3 cxd5 24. Bxd5 {1-0 Szabolcsi,J-Basart,J/
Cannes Martinez op/1992 (34)}) (14... Qc7 15. Nf3 Bg4 16. Ne5 {1/2-1/2 Spassky,
B-Ftacnik,L/Vienna op/1986/}) (14... e6 15. Rad1 (15. Bh1 Bf6 $6 16. Nf3 Bg4
17. Rad1 Qc7 18. Re4 Bxf3 19. Bxf3 Rfd8 20. Qe2 Nf8 $6 (20... Bg7 21. h4 h5 $14
) 21. h4 Bg7 22. h5 gxh5 $6 (22... Rd7 $32 23. hxg6 hxg6 24. Kg2 Rad8 25. Rh4
$14) 23. Rh4 Rd7 24. Rxh5 Rad8 25. d5 $1 $16 {1-0 Portisch,L-Pachman,L/Moscow/
1967 (40)}) 15... Nf6 16. Bh1 Qc7 17. d5 (17. Nf3 Bg4 $11) 17... cxd5 18. Be5
Qb6 19. Bd4 Qa6 20. Qb2 Nh5 21. cxd5 exd5 22. Bxg7 Nxg7 23. Bxd5 Rad8 {0-1
Castro Molero,M-Gomez Esteban,J/Olot op/1994 (29)}) (14... Re8 15. Bh1 (15. f4
Qb6 16. Nf3 {1/2-1/2 Mikhalchishin,A-Lutz,C/Dortmund-B (02) ;CBM 23 1991})
15... Qc7 (15... e5 16. d5 Qb6 17. Bc3 c5 18. Re2 Qd6 19. Rae1 Re7 20. f4 Rae8
21. Qb2 exf4 22. Bxg7 Rxe2 23. Rxe2 Rxe2 24. Qxe2 Kxg7 25. gxf4 Qxf4 {0-1
Szabolcsi,J-Fette,M/Budapest Autoteam (04)/1991 (39)}) 16. d5 Bxb2 17. Qxb2
cxd5 18. Bxd5 Nf6 19. Bh1 Bd7 20. Qe5 Rac8 21. Rad1 Bc6 22. Qxc7 Rxc7 23. Nf3
Rec8 24. Ne5 Bxh1 25. Kxh1 Ne8 26. Nd7 {1-0 Vukic,M-Pietzsch,W/Sarajevo (11)/
1967 (46)}) (14... e5 15. d5 Nc5 16. Bh1 cxd5 17. Bxd5 Qc7 18. Nf3 Rae8 19. Qe3
Bf5 20. Ba3 b6 21. Rad1 {1-0 Bekker Jensen,D-Uvarov,V/Tallinn-J (10)/1997 (38)}
) 15. Bh1 (15. Bg2 Bxg2 16. Nxg2 Re8 $11) 15... Qd7 16. Nf3 Rfe8 17. Rad1 (17.
Ne5 Qf5 18. Nxc6 $2 bxc6 19. Bxc6 Rac8 20. Re5 Rxc6 21. Rxf5 Bxf5 22. Qa5 $13)
17... Rad8 18. Qa5 (18. Ne5 Qf5 19. Re3 $14) 18... a6 19. Ba3 Ng4 20. d5 (20.
Ng5 Nxf2 21. Kxf2 Bxd4+ 22. Ke2 $13) 20... Bf6 21. Bc5 (21. dxc6 Qxd1 $19)
21... Qf5 $6 22. dxc6 $2 {White misses his great chance and will be duly
punished with strong black's counterplay. Weiss verpasst seine grosse Schance
und wird zum Recht bestraft mit starkem schwarzem Gegenspiel.} (22. Bxe7 $1
Bxe7 23. Rxe7 Qc2 24. Rxe8+ Rxe8 25. Qd2 Qxd2 26. Rxd2 cxd5 27. cxd5 $16) 22...
Rxd1 23. Rxd1 bxc6 24. Bb6 (24. Qb4 e5 $40) 24... e5 25. Re1 (25. Qxa6 $2 e4
26. Re1 (26. Ne1 c5 $19) 26... Qd7 27. Qa5 exf3 $19) 25... Rb8 26. Bc7 (26.
Qxa6 e4 27. Nd2 c5 28. Bxc5 Qxc5 29. Nxe4 Bd4 30. Re2 Nxf2 31. Nxf2 Qf5 $19)
26... Rc8 27. Bb6 (27. Bg2 $2 Bxg2 28. Kxg2 e4 29. Qxf5 gxf5 $19) 27... c5 28.
Qxa6 (28. Bxc5 e4 29. Bb6 Qxa5 30. Bxa5 exf3 31. Bxf3 Ne5 $17) 28... e4 29. b4
(29. Rxe4 Qxe4 30. Qxc8+ Kg7 $19) 29... exf3 30. Bxc5 Rxc5 31. bxc5 Bd4 (31...
Bd4 32. Qa8+ Kg7 33. Bxf3 Bxf2+ 34. Kh1 Bxe1 $19) 0-1

[Event "EU-ch 2nd"]
[Site "Ohrid"]
[Date "2001.06.13"]
[Round "12"]
[White "Georgiev, Kiril"]
[Black "Ruck, Robert"]
[Result "1-0"]
[WhiteElo "2676"]
[BlackElo "2557"]
[Annotator "Ftacnik,L"]
[PlyCount "77"]
[EventDate "2001.06.01"]
[EventType "swiss"]
[EventRounds "13"]
[EventCountry "YUG"]
[SourceTitle "CBM 084"]
[Source "ChessBase"]
[SourceDate "2001.09.13"]
[SourceVersion "1"]
[SourceVersionDate "2001.09.13"]
[SourceQuality "1"]

1. d4 Nf6 2. c4 g6 3. Nf3 Bg7 4. g3 d5 5. Bg2 O-O 6. O-O c6 7. Nbd2 Ne4 8. e3
Nxd2 9. Nxd2 Be6 10. Qe2 Qd7 (10... Na6 11. Rd1 Qd7 12. b3 Bh3 13. Bxh3 Qxh3
14. cxd5 cxd5 15. Qb5 Nc7 16. Qxb7 Qd7 17. Qb4 a5 18. Qa4 Nb5 19. Bb2 {1-0
Vasiliev,R-Pichler,J/Moscow/1990/ (34)}) (10... Nd7 11. Rd1 (11. b3 Nf6 12. Bb2
Qd7 13. Rfe1 h5 14. Nf3 Bg4 15. cxd5 cxd5 16. Ne5 Bxe2 17. Nxd7 Nxd7 18. Rxe2
e6 19. Rc1 Rfc8 {1/2-1/2 Paunovic,D-Kosanovic,G/Vrnjacka Banja 1998/ (56)})
11... Qa5 12. b3 b5 13. cxb5 cxb5 14. Bf1 a6 15. a4 Rfc8 16. Bb2 b4 17. Rac1
Nf6 18. f3 Bh6 19. Kf2 Bf5 20. Rxc8+ Bxc8 21. Rc1 {1-0 Ruck,R-Amann,G/Oberwart/
1996/ (72)}) 11. Re1 Na6 12. a3 Bg4 (12... dxc4 13. Nxc4 Bd5 $11) 13. Qf1 e5 $2
{[%mdl 16384] Ruck surely was not suspecting the power white pieces will be
able to unleash after opening of the center.} (13... b5 $5 14. cxd5 cxd5 15.
Nb3 Rac8 16. Bd2 $11) 14. dxe5 Bxe5 15. cxd5 cxd5 16. e4 $1 dxe4 (16... d4 17.
f4 Bg7 18. e5 d3 19. Ne4 $14) 17. Nxe4 Kg7 (17... Rfe8 18. Bg5 $14) 18. Be3
Bxb2 (18... f5 19. Nc3 f4 20. gxf4 Bxf4 21. Qb5 $16) 19. Ra2 Be5 (19... f5 20.
Rxb2 fxe4 21. Bxe4 $18) 20. Rd2 Qa4 (20... Qc8 21. f4 Bc7 22. Bd4+ Kh6 23. Nf6
Bf5 24. g4 $18) 21. f4 $1 Bc7 (21... f5 22. Ng5 Bc3 23. Bxb7 Bxd2 24. Bxd2 Rae8
25. Bxa6 Qd4+ 26. Qf2 Rxe1+ 27. Bxe1 Qxf2+ 28. Bxf2 $18) (21... Bf6 22. Nxf6
Kxf6 23. Bd4+ $18) 22. Bd4+ Qxd4+ {Not a pleasant move to make, but all the
options were just hopless for the defender.} (22... f6 23. Nxf6 Rad8 24. Nd7+
Kh6 25. Nxf8 Rxd4 26. Re7 $18) (22... Kh6 23. Nf6 Bc8 24. Bxb7 Bxb7 25. Qh3+
$18) 23. Rxd4 Bb6 24. Kh1 (24. Nf2 Bxd4 25. Bxb7 Nc5 26. Bxa8 Rxa8 27. Kg2 $18)
24... Bxd4 25. Nd6 Rad8 (25... Nc5 26. Qc4 Bf2 27. Rf1 $18) 26. Nxb7 Rde8 27.
h3 (27. Rxe8 Rxe8 28. Qxa6 Re1+ 29. Qf1 (29. Bf1 Bf3#) 29... Rxf1+ 30. Bxf1 Bd7
$17) 27... Rxe1 28. Qxe1 Be6 29. Qd2 Bb6 (29... Bf6 30. Qa5 Bc4 31. Nd6 Bd3 32.
Qd2 Bb1 33. Qe1 Bf5 34. Ne8+ $18) 30. a4 $1 {Georgiev executes great energy in
the fight against uncoordinated black pieces.} Rc8 31. a5 Bc5 (31... Bc7 32.
Qd4+ Kg8 33. Qxa7 Bc4 34. Nd6 Bxd6 35. Qd7 Rb8 36. Qxd6 $18) 32. Bf1 Bb4 (32...
Nb8 33. Nxc5 Rxc5 34. Qd4+ $18) 33. Qd4+ Kg8 34. Bxa6 Rc1+ 35. Kg2 Rc2+ 36. Kf3
Rc3+ (36... Bxh3 37. Qxb4 $18) 37. Ke2 Rc2+ 38. Kd1 Rd2+ 39. Qxd2 1-0